| 000 | 00795nam a2200217Ii 4500 | ||
|---|---|---|---|
| 003 | JO-AjNU | ||
| 008 | 230605s9999||||xx |||||||||||||| ||und|| | ||
| 017 | _a2000/199 | ||
| 020 | _a977-327-044-0 | ||
| 040 |
_aJO-AjNU _bara _erda _cJO-AjNU |
||
| 041 | _aara | ||
| 050 | 1 | 4 | _aDT87.4.R4212 2002 |
| 100 | 3 |
_aتاليف فورد، دونالد ريد؛ ترجمة قنديل، بيومي, _eauthor _937760 |
|
| 245 | 0 | 0 | _aأخناتون ذلك الفرعون المارق |
| 264 | 3 | 1 | _aالاسكندرية: دار الوفاء لدنيا الطباعة والنشر، 2002 |
| 300 |
_a338ص _bصور توضيحية |
||
| 336 |
_atext _btxt _2rdacontent |
||
| 337 |
_aunmediated _bn _2rdamedia |
||
| 338 |
_avolume _bnc _2rdacarrier |
||
| 650 | 4 |
_aتراجم مصر -فرعون-تاريخ _937761 |
|
| 999 |
_aA15806 _c19374 _d19374 |
||